| 000 | 00369 a2200157 4500 | ||
|---|---|---|---|
| 001 | 72134 | ||
| 020 | _a8572080244 | ||
| 040 | _cAnchieta - Colégio São Paulo | ||
| 100 | _aFrança, Mary | ||
| 240 | 1 | 0 |
_aDudu e a pomba, Dudu e o pato _lpor |
| 245 | 1 | 0 | _aDudu e a pomba, Dudu e o pato |
| 300 | _a15 | ||
| 362 | 0 | _a2013 | |
| 650 | 4 | _aLiteratura infantil | |
| 942 | _cBK | ||
| 999 |
_c72134 _d72134 |
||